Human resource management : a contemporary perspective
Αποθηκεύτηκε σε:
| Άλλοι συγγραφείς: | , |
|---|---|
| Μορφή: | Βιβλίο |
| Γλώσσα: | English |
| Δημοσίευση: |
London :
Pitman Publishing,
c1994
|
| Θέματα: | |
| Ετικέτες: |
Προσθήκη ετικέτας
Δεν υπάρχουν, Καταχωρήστε ετικέτα πρώτοι!
|
MARC
| LEADER | 00000nam a2200000 i 4500 | ||
|---|---|---|---|
| 001 | 1/47055 | ||
| 008 | 961126s1994 eng d | ||
| 020 | |a 0-273-60244-6 | ||
| 035 | |l 10026431 | ||
| 040 | |a GR-MY-UA |b gre |e aacr | ||
| 041 | 0 | |a eng | |
| 082 | 0 | |a 658.3 | |
| 100 | 1 | |a Beardwell, Ian. |4 edt | |
| 245 | 1 | 0 | |a Human resource management : |b a contemporary perspective / |c edited by: Ian Beardwell, Len Holden |
| 260 | |a London : |b Pitman Publishing, |c c1994 | ||
| 300 | |a 694 p. | ||
| 500 | |a Includes index | ||
| 650 | 0 | 0 | |a Personnel management. |
| 700 | 1 | |a Holden, Len. |4 edt | |
| 852 | |a INST |b CHIOS |e 19961126 |h 658.3 HUM |p 005200001830 |q 005200001830 |t BK |y 0 | ||
| 909 | |a Χ |b 040197 | ||